Footballers scored against Liverpool - Statistics

General Stats
  • This quiz has been taken 30 times
  • The average score is 2 of 28
Answers on the Grid
Answers color-coded by a green-red scale on the quiz's grid according to % correct below.
Dimitri Payet
Santi Cazorla
Pedro Neto
Zlatan Ibrahimović
Robert Lewandowski
Gonzalo Higuaín
Álvaro Morata
Romelu Lukaku
Mario Mandžukić
Ivan Perišić
Erling Haaland
Theo Walcott
Julián Álvarez
Matheus Cunha
Luka Modrić
Ivan Toney
Bryan Mbeumo
Antony
Anthony Gordon
Darwin Núñez
Takumi Minamino
Park Ji-sung
Marco Reus
Kaoru Mitoma
João Pedro
Randal Kolo Muani
Marcus Thuram
Dele Alli
Tanguy Ndombele
Gabriel Martinelli
Daniel James
Raphinha
Joshua King
Troy Deeney
Ferran Torres
Diego Costa
Raúl Jiménez
Paul Pogba
Bruno Fernandes
Joshua Zirkzee
Rasmus Højlund
Declan Rice
Michail Antonio
Adama Traoré
Willian
Lucas Moura
Richarlison
Dejan Kulusevski
Dominic Calvert-Lewin
Mario Götze
 
Answer Stats
Answer % Correct
Dimitri Payet
45%
Santi Cazorla
36%
Álvaro Morata
27%
Anthony Gordon
9%
Bryan Mbeumo
9%
Darwin Núñez
9%
Dominic Calvert-Lewin
9%
Ivan Toney
9%
Julián Álvarez
9%
Park Ji-sung
9%
Pedro Neto
9%
Antony
0%
Declan Rice
0%
Dele Alli
0%
Diego Costa
0%
Ferran Torres
0%
Gabriel Martinelli
0%
Gonzalo Higuaín
0%
João Pedro
0%
Joshua King
0%
Matheus Cunha
0%
Michail Antonio
0%
Raúl Jiménez
0%
Richarlison
0%
Takumi Minamino
0%
Theo Walcott
0%
Troy Deeney
0%
Willian
0%
No matching quizzes found
Score Distribution
Percent of People with Each Score
Percentile by Number Answered
Your Score History
You have not taken this quiz